| 000 | 00234nam a22000737a 4500 | ||
|---|---|---|---|
| 999 |
_c23989 _d23989 |
||
| 003 | NUST | ||
| 005 | 20170622114447.0 | ||
| 008 | 140429b xxu||||| |||| 00| 0 eng d | ||
| 020 | _cAvailable | ||
| 040 |
_aDLC _bDLC _cRCMS |
||
| 050 | _a621.3952 CIL | ||
| 082 | _a621.3952 CIL | ||
| 100 |
_aMichael D. Ciletti _93067 |
||
| 245 |
_aAdvance Digital Design with the VERILOG HDL (Xilinx Design Series) _cMichael D. Ciletti |
||
| 300 |
_a1004 p. : _bill, ; _c26 cm. |
||
| 538 | _iShelf # 09, Row # 2, History & Digital Design. | ||
| 600 |
_aMichael D. Ciletti _93067 |
||
| 700 |
_aMichael D. Ciletti _93067 |
||
| 856 | _3Table of Contents Only. | ||
| 942 |
_2ddc _cBK _h621.3952 CIL |
||